000 006640000a22002530004500
500 _aBibliography: p.1033-1034
650 _aManagement techniques
650 _aOperations research
650 _aManagement operations
650 _aDecision making
650 _aLinear programming
650 _aResearch techniques
650 _aNonlinear Programming
082 _a658.4034
_bSh23o
_cT
518 _a20000510
530 _aM
100 _aSharma, J. K.
245 _aOperations research theory and applications
260 _aNew Delhi
_bMacmillan India, India
260 _c1997
300 _axx, 1039p.
_billus.
041 _aEng
942 _cGEN
999 _c21334
_d21334